00880nai a2200205Ia 4500003000900000008004100009022002200050022002300072040001600095245005800111260008600169310001200255362002900267521006900296650003600365856008800401942000700489999001700496952016100513IN-BaIIA211028c9999 xx s 000 0 eng d a0098-5589 (Print) a1939-3520 (Online) cIIA Library 0aIEEE Transactions on Software Engineeringh[eJournal] aNew York, USAbThe Institute of Electrical and Electronics Engineers, Inc. (IEEE) aMonthly aSE-1(1); 1975 - Present  bSubscribed through National Knowledge Resource Consortium (NKRC) aComputing and Processing948785 uhttps://ieeexplore.ieee.org/servlet/opac?punumber=32yClick Here to Access eJournal cEJ c34738d34738 00104070aBANbBANd2009-01-01eNKRChSE-1(1); 1975 - Present l0pEJ822r2021-11-05uhttps://ieeexplore.ieee.org/servlet/opac?punumber=32w2021-11-05yEJ